Artistes francophones de A à Z des années 80 par images - Statistiques

Statistiques générales
  • Ce quiz a été pris 168 fois
  • Le résultat moyen est 11 sur 23
Statistiques - réponses
Par images Hint Réponse % Correct
F Mylène Farmer
96%
D Desireless
88%
L Lio
84%
K Patricia Kaas
78%
H David Hallyday
70%
G Gold
70%
V Roch Voisine
59%
R Rita mitsouko
58%
E Stéphane Eicher
51%
Z Zouk Machine
50%
M Jean-Pierre Mader
49%
S Jean Schultheis
46%
J Jairo
33%
Q Jakie Quartz
30%
O Ottawan
30%
A L'Affaire louis trio
29%
T Diane Tell
26%
P Guesh Patti
26%
I Les Innocents
26%
W Les Wampas
25%
N Les Négresses vertes
21%
C Les Charts
19%
B Blues Trottoir
17%
Aucun quiz correspondant
Distribution des résultats
% des personnes avec chaque résultat
Percentile par nombre de réponses
Votre historique - résultats
Vous n’avez pas pris ce quiz